000 00862nam a22001937a 4500
999 _c10618
_d10618
003 AR-CdUCM
008 190401b ||||| |||| 00| 0 spa d
040 _aMUNICIPALIDAD PROVINCIAL DEL CUSCO
_cBIBLIOTECA MUNICIPAL DEL CUSCO
082 _a3 ed.
_b345.72 /
_2L22 / 1907
100 _aDe la Lama, Miguel Antonio
_927581
245 _aPerú código de enjuiciamiento en materia civil /
300 _a773 paginas ;
_c21 cm.
505 _aContenido : Advertencia -- Abreviaturas -- Ley de 29 de diciembre de 1851 ordenando la promulgación de los códigos y designado la fecha desde cuando rigen, y la relación que tienen con los contratos anteriores y pleitos pendientes -- Código de enjuiciamiento en materia civil ...
650 _aComentarios
_927582
650 _aLeyes
_94808
650 _aResoluciones
_924653
942 _2ddc
_cLIBROS
945 _arah